Ładuje się......

Network intrusion, detection, and prevention

Opis bibliograficzny
1. autor: Ali A Ghorbani; Wei Lu
Wydane: Springer 2010
LEADER 00225 a2200097 4500
020
260 |b Springer  |c 2010 
942 |c BK  |6 _ 
245 |a Network intrusion, detection, and prevention  
100 |a Ali A Ghorbani; Wei Lu 
999 |c 61711  |d 61711